| 000 | 00595nam a22001697a 4500 | ||
|---|---|---|---|
| 003 | MACL | ||
| 005 | 20160514170445.0 | ||
| 008 | 160514b xxu||||| |||| 00| 0 eng d | ||
| 040 | _cMACL | ||
| 041 | _aHindi | ||
| 082 | _a891.433 | ||
| 100 |
_aचोपडा, सीमा _950115 |
||
| 245 |
_aश्रेष्ठ महिलाओं एंव कथाकारों की प्रेरक कहानियां _cसीमा चोपडा |
||
| 260 |
_aइलाहाबाद _bलीला प्रकाशन _c2009 |
||
| 650 |
_aStory _957269 |
||
| 942 |
_2ddc _cHIN |
||
| 999 |
_c53994 _d53994 |
||